000 00774nam a2200253 i 4500
001 bgj
100 1 _aHUDSON, Ray
245 1 0 _aDivided Britain /
_cRay Hudson and Allan M. Williams.
250 _a2nd ed.
260 _aChichester, England [etc.] :
_bJohn Wiley & Sons,
_c1995.
300 _aXVI, 324 pp :
_bfig. ;
_c23 cm.
504 _aBibliography pp 305-315.
505 _aIncludes index.
650 9 _aEquality
_xHistory
_zGreat Britain
_y20th century
651 9 _aGreat Britain
_xSocial conditions
_y1945-
651 9 _aGreat Britain
_xEconomic condition
_y1945-
700 1 _aWILLIAM, Allan M.
020 _a0471952044 (pbk)
040 _cBPK
041 0 _aeng
920 _a0-471-95204-4 (pbk)
942 _cKS
008 s uk f |000 0 eng
999 _c50126
_d50126
856 _uhttp://koha.tu.koszalin.pl/cgi-bin/koha/opac-detail.pl?biblionumber=50126
_yKatalog online BPK